00544 2200193 4500001002100000005001500021035002000036245006500056100002100121250001200142300004700154260004600201082001200247084001800259020001500277650002400292990001700316990001700333INLIS00000000003748320250311112346 a0010-03250000501 aCorporate Finance :bTheory and Practice /cAswath Damodaran0 aAswath Damodaran aPertama axxvi + 876 Halaman :bIlustrasi ;c27.5 cm aNew York :bJohn Wiley & Sons, INC,c1997 a658.154 a658.154 ASW c a0471096805 4aAnggaran Perusahaan a37404/H/2024 a37404/H/2024